<?xml version='1.0' encoding='UTF-8'?>
  <record xmlns="http://www.loc.gov/MARC21/slim">
    <leader>00000cam a22000007i 4500</leader>
    <controlfield tag="001">ocm65004231</controlfield>
    <controlfield tag="003">OCoLC</controlfield>
    <controlfield tag="005">20251028014600.4</controlfield>
    <controlfield tag="008">900112s1845    ne            000 0 lat d</controlfield>
    <datafield tag="040" ind1=" " ind2=" ">
      <subfield code="a">NLGGC</subfield>
      <subfield code="b">dut</subfield>
      <subfield code="e">fobidrtb</subfield>
      <subfield code="c">NLGGC</subfield>
      <subfield code="d">QGJ</subfield>
      <subfield code="d">OCLCO</subfield>
      <subfield code="d">OCLCF</subfield>
      <subfield code="d">OCLCO</subfield>
      <subfield code="d">OCLCL</subfield>
      <subfield code="d">OCLCQ</subfield>
      <subfield code="d">OCLCA</subfield>
    </datafield>
    <datafield tag="029" ind1="0" ind2=" ">
      <subfield code="a">NLGGC</subfield>
      <subfield code="b">059430168</subfield>
    </datafield>
    <datafield tag="035" ind1=" " ind2=" ">
      <subfield code="a">(OCoLC)65004231</subfield>
    </datafield>
    <datafield tag="245" ind1="0" ind2="0">
      <subfield code="a">Supplementum catalogi librorum qui in Bibliotheca Universitatis Rheno-Traiectinae exstant, [libros complectens quibus Bibliotheca inde ab anno 1830 usque ad annum 1841 ditata est] /</subfield>
      <subfield code="c">[composuit J. J. Dodt van Flensburg ; praefatus est Antonius van Goudoever].</subfield>
    </datafield>
    <datafield tag="260" ind1=" " ind2=" ">
      <subfield code="a">Traiecti ad Rhenum :</subfield>
      <subfield code="b">Bosch,</subfield>
      <subfield code="c">1845.</subfield>
    </datafield>
    <datafield tag="300" ind1=" " ind2=" ">
      <subfield code="a">IV, 576 p. ;</subfield>
      <subfield code="c">32 cm.</subfield>
    </datafield>
    <datafield tag="336" ind1=" " ind2=" ">
      <subfield code="a">tekst</subfield>
      <subfield code="b">txt</subfield>
      <subfield code="2">rdacontent/dut</subfield>
    </datafield>
    <datafield tag="337" ind1=" " ind2=" ">
      <subfield code="a">zonder medium</subfield>
      <subfield code="b">n</subfield>
      <subfield code="2">rdamedia/dut</subfield>
    </datafield>
    <datafield tag="338" ind1=" " ind2=" ">
      <subfield code="a">band</subfield>
      <subfield code="b">nc</subfield>
      <subfield code="2">rdacarrier/dut</subfield>
    </datafield>
    <datafield tag="500" ind1=" " ind2=" ">
      <subfield code="a">Vorige catalogus o.d.t.: Bibliotheca Rheno-Trajectinae catalogus ... 1834-1835. Volgende catalogus o.d.t.: Index librorum quibus Bibliotheca Academiae Rheno-Trajectinae ab anno 1841 exeunte usque ad annum 1845 dimidiatum locupletata est.</subfield>
    </datafield>
    <datafield tag="655" ind1=" " ind2="7">
      <subfield code="a">Library catalogs</subfield>
      <subfield code="2">fast</subfield>
    </datafield>
    <datafield tag="655" ind1=" " ind2="7">
      <subfield code="a">Library catalogs.</subfield>
      <subfield code="2">lcgft</subfield>
    </datafield>
    <datafield tag="655" ind1=" " ind2="7">
      <subfield code="a">Catalogues de bibliothèques.</subfield>
      <subfield code="2">rvmgf</subfield>
    </datafield>
    <datafield tag="700" ind1="1" ind2=" ">
      <subfield code="a">Dodt v. Fl., J.J.,</subfield>
      <subfield code="d">1795-1847</subfield>
      <subfield code="1">https://id.oclc.org/worldcat/entity/E39PCjCtkvvkPfCxx4xMyxckWC</subfield>
    </datafield>
    <datafield tag="700" ind1="1" ind2=" ">
      <subfield code="a">Goudoever, Antonius van</subfield>
      <subfield code="q">(Antonie),</subfield>
      <subfield code="d">1785-1857.</subfield>
      <subfield code="1">https://id.oclc.org/worldcat/entity/E39PBJhMmfcFrf7yYxjyp6BF8C</subfield>
    </datafield>
    <datafield tag="776" ind1="0" ind2=" ">
      <subfield code="t">Supplementum catalogi librorum qui in Bibliotheca Universitatis Rheno-Traiectinae exstant, [libros complectens quibus Bibliotheca inde ab anno 1830 usque ad annum 1841 ditata est]</subfield>
      <subfield code="w">(NL-LeOCL)425958426</subfield>
    </datafield>
    <datafield tag="776" ind1="0" ind2=" ">
      <subfield code="t">Supplementum catalogi librorum qui in Bibliotheca Universitatis Rheno-Traiectinae exstant, [libros complectens quibus Bibliotheca inde ab anno 1830 usque ad annum 1841 ditata est]</subfield>
      <subfield code="w">(NL-LeOCL)425958434</subfield>
    </datafield>
    <datafield tag="776" ind1="0" ind2=" ">
      <subfield code="t">Supplementum catalogi librorum qui in Bibliotheca Universitatis Rheno-Traiectinae exstant, [libros complectens quibus Bibliotheca inde ab anno 1830 usque ad annum 1841 ditata est]</subfield>
      <subfield code="w">(NL-LeOCL)425958442</subfield>
    </datafield>
    <datafield tag="936" ind1=" " ind2=" ">
      <subfield code="a">BATCHLOAD</subfield>
    </datafield>
  </record>